| 000 | 01407nam a2200361 a 4500 | ||
|---|---|---|---|
| 001 | ebr10657615 | ||
| 003 | CaPaEBR | ||
| 006 | m u | ||
| 007 | cr cn||||||||| | ||
| 008 | 120907s2013 enka sb 001 0 eng d | ||
| 010 | _z 2012035902 | ||
| 020 | _z9781118509890 (pbk.) | ||
| 020 | _z9781118509845 (e-book) | ||
| 040 |
_aCaPaEBR _cCaPaEBR |
||
| 035 | _a(OCoLC)842962169 | ||
| 050 | 1 | 4 |
_aHV6025 _b.C7125 2013eb |
| 082 | 0 | 4 |
_a364 _223 |
| 245 | 0 | 0 |
_aCrime and social policy _h[electronic resource] / _cedited by Hazel Kemshall. |
| 260 |
_aChichester : _bWiley-Blackwell, _c2013. |
||
| 300 |
_a133 p. : _bill. |
||
| 440 | 0 | _aBroadening perspectives on social policy | |
| 500 | _a"Originally published as Volume 46, Issue 4 of Social policy & administration"--copyright page. | ||
| 504 | _aIncludes bibliographical references and index. | ||
| 533 |
_aElectronic reproduction. _bPalo Alto, Calif. : _cebrary, _d2013. _nAvailable via World Wide Web. _nAccess may be limited to ebrary affiliated libraries. |
||
| 650 | 0 | _aCrime. | |
| 650 | 0 |
_aCrime _xSociological aspects. |
|
| 650 | 0 |
_aCrime _xGovernment policy. |
|
| 650 | 0 | _aSocial policy. | |
| 655 | 7 |
_aElectronic books. _2local |
|
| 700 | 1 |
_aKemshall, Hazel, _d1958- |
|
| 710 | 2 | _aebrary, Inc. | |
| 856 | 4 | 0 |
_uhttp://site.ebrary.com/lib/rucke/Doc?id=10657615 _zAn electronic book accessible through the World Wide Web; click to view |
| 999 |
_c180540 _d180540 |
||